000 00950nam a22002777a 4500
999 _c1022
_d1022
001 001698
003 CoMeUDC001698
005 20190129202922.0
008 100812q2002 ck a gr 00010 spa d
015 _ack-2002-xxxx
040 _aCO-BoBLA
_bspa
_cCoMeUDC
041 0 _aspa
043 _as-ck---
082 0 4 _a341.7
_bC67g
_220
110 _aCorporación Autónoma Regional del Centro de Antioquia.
_91387
240 1 0 _aAntioquia-Bibliografía regional
245 1 0 _aGuía de decomisos de flora silvestre /
_cCorporación Autónoma Regional del Centro de Antioquia (Corantioquia).
260 _aMedellín :
_bCorantioquia,
_c[2002?].
300 _a25 p. :
_bil. ;
_c22 cm.
500 _aIncluye bibliografía.
650 _aControl ambiental
_z Colombia.
650 0 _aProtección del medio ambiente
_z Colombia.
_91388
650 0 _aConservación de la vida silvestre
_z Colombia.
_91389
942 _2ddc
_cBK
949 _ac
_bc